Normal view
MARC view
- Myers, Raymond H.
Entry Personal Name
001 - CONTROL NUMBER
- control field: 8670
003 - CONTROL NUMBER IDENTIFIER
- control field: NUST
005 - DATE AND TIME OF LATEST TRANSACTION
- control field: 20180118120155.0
008 - FIXED-LENGTH DATA ELEMENTS
- fixed length control field: 180118|| aca||aabn | a|a d
040 ## - CATALOGING SOURCE
- Original cataloging agency: NUST
- Transcribing agency: NUST
100 ## - HEADING--PERSONAL NAME
- Personal name: Myers, Raymond H.
670 ## - SOURCE DATA FOUND
- Source citation: Work cat.: (NUST)30177: Walpole, Ronald E. 8669, Probability and statistics for engineers and scientists /, 2011.
